| 000 | 00432nam a22001457a 4500 | ||
|---|---|---|---|
| 082 |
_a624.2 _bMIL. _cD. |
||
| 100 |
_aStationery Off, His Majesty's. _943323 |
||
| 245 |
_aMilitary engineering. _cHis Majesty's Stationery Off. |
||
| 250 | _aVo. III. | ||
| 260 |
_aLondon: _bHis Majesty's Stationery Office. _c1928. |
||
| 300 |
_a244 p.: _bill: |
||
| 526 |
_a0 _b0 _c0 _d624_200000000000000_MIL |
||
| 650 |
_aMCE _9379 |
||
| 942 |
_2ddc _cBK |
||
| 999 |
_c547152 _d547152 |
||